000 005230000a22001690004500
041 0 _aSPA
082 0 4 _aG 253.4 V695d
100 1 _aVila Ventura, Samuel (1902-)
245 1 0 _aDe corazón a corazón : Conversaciones íntimas con miembros que se alejan de los cultos de su iglesia / Samuel Vila
260 _aBuenos Aires, Argentina : Junta Bautista
300 _a95 Pag
001 6412
942 _cBK
999 _c36684
_d36684
336 _atexto
_btxt
_2rdacontent
337 _2rdamedia
_asin mediación
_bn
338 _2rdacarrier
_avolumen
_bnc